000 00527nam a22001817a 4500
003 SISC
005 20160307154850.0
008 130830t xxu||||| |||| 00| 0 eng d
020 _a9780192762122
050 _aPR 1195
_b.H 318 1999
082 _aHS 821.
_b008 Ox 1999
100 _aHarrison,. Michael
_915857
245 _aThe Oxford book of story poems :
_cMichael Harrison .
260 _aNew York :
_bOxford University Press,
_cc1999.
300 _a175 p. :
_bill. col. ;
_c25 cm.
942 _2lcc
_cBK
999 _c10067
_d10067